| 000 | 01504nam0a22002531 4500 | ||
|---|---|---|---|
| 001 | rc\953071 | ||
| 005 | 20250622054507.0 | ||
| 035 | _a(NLR Aleph) 006124244 | ||
| 090 |
_a5493419 _c5493419 |
||
| 100 | _a20041129d1982 |||y0rusy50 ca | ||
| 101 | 0 | _arus | |
| 102 | _aRU | ||
| 105 | _ay ||||||||| | ||
| 200 | 1 |
_aПовышение стойкости и защита от коррозии строительных материалов и конструкций _eТез. докл. всесоюз. семинара, апр. 1982 г. _f[Редкол.: Иванов Ф.М. и др.] |
|
| 210 |
_aЧелябинск _cБ. и. _d1982 |
||
| 215 |
_a100 с. _d20 |
||
| 300 | _aВ надзаг.: Главтепломонтаж М-ва монтаж. и спец. строит. работ СССР, НИИ бетона и железобетона Госстроя СССР, Челяб. политехн. ин-т им. Ленинского комсомола и др. | ||
| 702 | 1 |
_4340 _7ca _8rus _aИванов _bФ. М. _cд-р техн. наук, строит. материалы _f1912-1996 _gФедор Михайлович _9224779 _3RU\NLR\AUTH\770224835 |
|
| 712 | 1 | 2 |
_aНаучно-технический семинар на тему "Повышение стойкости и защита от коррозии строит. материалов и конструкций" _f1982 _eЧелябинск |
| 801 | 0 |
_aRU _bNLR _gpsbo |
|
| 801 | 1 |
_aRU _bELAR _2rusmarc |
|
| 852 |
_aNLR _j82-4/22811 |
||
| 942 | _cBOOK | ||
| 980 | _aNB | ||